| 000 | 00823cam a22002411 4500 | ||
|---|---|---|---|
| 001 | sa 68019570 | ||
| 003 | DLC | ||
| 005 | 20260227112718.0 | ||
| 008 | 940323s1966 io 100 0 und | ||
| 010 | _asa 68019570 | ||
| 025 | _aPL480:Indo-7030 | ||
| 035 | _a(OCoLC)30014252 | ||
| 040 |
_aDLC _cCU _dDLC |
||
| 042 | _apremarc | ||
| 050 | 0 | 0 |
_aUB359.I53 _bA45 |
| 110 | 1 |
_aIndonesia. _bDepartemen Veteran dan Demobilisasi. |
|
| 245 | 0 | 0 | _aRisalah konperensi kerdja gabungan Kementerian Veteran & Demobilisasi dan Legiun Veteran R.I. dari tgl. 10 Djuni 1966 s/d tgl. 15 Djuni 1966 di Wisma Karti, Ragunan, Djakarta. |
| 260 |
_a[Djakarta, _c1966?] |
||
| 300 |
_a1 v. (various pagings) _c34 cm. |
||
| 500 | _aCover title. | ||
| 650 | 0 |
_aVeterans _zIndonesia _vCongresses. |
|
| 710 | 2 | _aLegiun Veteran Republik Indonesia. | |
| 999 |
_c88966 _d88966 |
||